| 000 | 00642nam a2200265Ia 4500 | ||
|---|---|---|---|
| 008 | 171025s9999 xx 000 0 und d | ||
| 020 | _a9788172454173 | ||
| 050 | _a372.35 | ||
| 050 | _bT364 2012 | ||
| 100 | _aThakur, Atul | ||
| 245 | _a44 challenging physics projects / | ||
| 245 | _cby Atul Thakur and Preeti Thakur. | ||
| 260 | _aNew Delhi : | ||
| 260 | _bGoodwill, | ||
| 260 | _c2012 | ||
| 300 | _ax, 101 pages : | ||
| 300 | _billustrations ; | ||
| 300 | _c25cm. | ||
| 440 | _aGoodwill's. | ||
| 650 | _aPhysics -- | ||
| 650 | _aPhysics. | ||
| 650 | _xJuvenile literature. | ||
| 700 | _aSeries. | ||
| 700 | _aTitle. | ||
| 999 |
_c344686 _d344686 |
||